• 首页
  • 本馆介绍
  • 公告通知
  • 最新文献
  • 馆藏检索
  • 电子资源
  • 读者导购
  • 参考咨询
  • 我的图书馆
  • 登录
  • 详细信息显示
  • 放入我的书架
  • 预约/预借图书
  • 作者相关作品
  • 分类相关作品
  • 丛书相关作品
  • 出版社相关作品

书目信息

  • 表格格式
  • 工作单格式
  • 卡片格式
题名:
如何欣赏雕塑
    
 
作者: 孙江宁 编著
分册:  
出版信息: 北京   中国社会出版社  2006
页数: 186页
开本: 21cm
丛书名: 艺术知识与欣赏丛书
单 册:
中图分类: J305.1
科图分类:
主题词: 雕塑--鉴赏--世界 , 雕塑
电子资源:
ISBN: 7-5087-1040-1
000 00895oam2 2200277 450
001 1238726905
005 20121019104555.18
010    @a7-5087-1040-1@dCNY10.00
100    @a20070108d2006 em y0chiy50 ea
101 0  @achi
102    @aCN@b110000
105    @aa z 000yy
200 1  @a如何欣赏雕塑@Aru he xin shang diao su@f孙江宁编著
210    @a北京@c中国社会出版社@d2006
215    @a186页@c图@d21cm
225 2  @a艺术知识与欣赏丛书
312    @a封面英文题名:How to enjoy sculpture
330    @a本书包括中国、西雕塑的起源和发展、雕塑的本质特征、表现方式、艺术手法、材质肌理、价值作用和如何欣赏雕塑等内容。
461  0 @12001 @a艺术知识与欣赏丛书
510 1  @aHow to enjoy sculpture@zeng
606 0  @a雕塑@x鉴赏@y世界
606 0  @a雕塑
690    @aJ305.1@v4
701  0 @a孙江宁@Asun jiang ning@f(1969~)@4编著
801  0 @aCN@bNLC@c20101222
905    @a10447@dJ305.1@eJY13
    
    如何欣赏雕塑/孙江宁编著.-北京:中国社会出版社,2006
    186页:图;21cm.-(艺术知识与欣赏丛书)
    
    
    ISBN 7-5087-1040-1:CNY10.00
    本书包括中国、西雕塑的起源和发展、雕塑的本质特征、表现方式、艺术手法、材质肌理、价值作用和如何欣赏雕塑等内容。
●
相关链接 在E读中查询图书 在五车中查询图书 在当当中查询图书 在豆瓣中查询图书


正题名:如何欣赏雕塑     索取号:J305.1/JY13         预约/预借

序号 登录号 条形码 馆藏地/架位号 状态 备注
1 7832908   278329088   学院路分馆/ [索取号:J305.1/JY13] 在馆    
2 7832909   278329097   学院路分馆/ [索取号:J305.1/JY13] 在馆    
3 7832910   278329104   学院路分馆/ [索取号:J305.1/JY13] 在馆    
4 7832911   278329113   学院路分馆/ [索取号:J305.1/JY13] 在馆    
唐山师范学院图书馆 欢迎您!
大连网信软件有限公司© 版权所有